| 000 | 00711cam a2200241 4500500 | ||
|---|---|---|---|
| 005 | 20260329004441.0 | ||
| 041 | _afre | ||
| 042 | _adc | ||
| 100 | 1 | 0 |
_aLacroix, Alexandre _eauthor |
| 245 | 0 | 0 | _aPablo Servigne : “Nous avons engendré un monstre !” |
| 260 | _c2020. | ||
| 500 | _a89 | ||
| 690 | _aAnarchisme | ||
| 690 | _aCollapsologie | ||
| 690 | _aEffondrement | ||
| 690 | _aEnvironnement | ||
| 690 | _aJung | ||
| 690 | _aNature | ||
| 690 | _aPablo Servigne | ||
| 690 | _aSpiritualité | ||
| 786 | 0 | _nPhilosophie magazine | 136 | 2 | 2020-02-01 | p. 28-30 | 1951-1787 | |
| 856 | 4 | 1 | _uhttps://shs.cairn.info/magazine-philosophie-magazine-2020-2-page-28?lang=fr&redirect-ssocas=7080 |
| 999 |
_c1833976 _d1833976 |
||